| 000 | 01074cam a22002652 4500 | ||
|---|---|---|---|
| 001 | 5242 | ||
| 003 | BD-RJUL | ||
| 005 | 20211208234033.0 | ||
| 008 | 131224s1963 nyu b 000 0 eng d | ||
| 035 | _a(BD-RJUL)5278 | ||
| 040 |
_aINL _cINL _dEQO _beng |
||
| 041 | _aeng | ||
| 082 |
_a345 _bRUL 1963 |
||
| 245 | 0 | 4 |
_aThe Rule of law in the United States : _ba survey / _cAmerican Bar Association, Committee to Cooperate with the International Commission of Jurists. |
| 260 |
_aNew York? : _bAmerican Bar Association, Section of International and Comparative Law, _c1963? |
||
| 300 |
_a184 p. ; _b24 cm. |
||
| 500 | _aAppendix contains the text of the survey form. | ||
| 504 | _aBibliography: p. 165-167. | ||
| 526 | _bLAW | ||
| 650 | 0 |
_aRule of law _zUnited States. _916481 |
|
| 710 | 2 |
_aAmerican Bar Association. _bCommittee to Cooperate with the International Commission of Jurists. _916482 |
|
| 710 | 2 |
_aInternational Commission of Jurists (1952- ) _913230 |
|
| 710 | 2 |
_aAmerican Bar Association. _bSection of International and Comparative Law. _916483 |
|
| 942 |
_2ddc _cBK |
||
| 999 |
_c5242 _d5242 |
||